Estatísticas para Bandas de rock do Brasil e seus vocalistas

Clique aqui para jogar o quiz

Estatísticas Gerais

  • Esse quiz foi jogado 377 vezes
    (372 desde o último reset)
  • A pontuação média é 21 de 42

Estatísticas das Respostas

CantorBanda% Correto
Renato RussoLegião Urbana
98%
Dinho Ouro PretoCapital Inicial
92%
ChorãoCharlie Brown Jr
90%
Samuel RosaSkank
88%
FrejatBarão Vermelho
86%
Humberto GessingerEngenheiros do Havaí
83%
Herbert ViannaParalamas do Sucesso
83%
Arnaldo AntunesTitãs
81%
Paula TollerKid Abelha
76%
Paulo RicardoRPM
75%
Rogério FlausinoJota Quest
74%
Tico Santa CruzDetonautas
72%
FalcãoO Rappa
70%
Evandro MesquitaBlitz
67%
João GordoRatos de Porão
67%
BadauíCPM 22
65%
NásiIra!
64%
Rita LeeOs Mutantes
64%
DinhoMamonas Assassinas
63%
DigãoRaimundos
63%
Roger MoreiraUltraje a Rigor
63%
Fernanda TakaiPato Fu
61%
Marcelo D2Planet Hemp
60%
Derrick GreenSepultura
51%
Marcelo NovaCamisa de Vênus
43%
Thedy CorrêaNenhum de Nós
40%
PaulinhoRoupa Nova
38%
Bruno GouveiaBiquíni Cavadão
35%
Philippe SeabraPlebe Rude
23%
Duca LeindeckerCidadão Quem
18%
Wander WildnerOs Replicantes
18%
Charles MasterTNT
16%
Serginho MoahPapas da Língua
14%
Mano ChangesComunidade Nin-Jitsu
11%
MaoGarotos Podres
11%
Flavio BassoOs Cascavelletes
10%
Edu KDe Falla
9%
Bebeco GarciaGarotos da Rua
9%
Tonho CroccoUltramen
9%
Frank JorgeGraforreia Xilarmônica
8%
Leandro BranchteinOs Eles
7%
Alemão RonaldoTaranatiriça
6%

Distribuição das Pontuações

Percentil de Números Respondidos

Porcentagem de Pessoas com Cada Pontuação

Sua Pontuação Histórica

Você não jogou esse quiz desde o último reset